| 000 | 00701nam a2200241Ia 4500 | ||
|---|---|---|---|
| 003 | OSt | ||
| 005 | 20230828124639.0 | ||
| 008 | 210716s2009 xx 000 0 und d | ||
| 020 | _a9780230636415 | ||
| 040 | _cAIMIT LIBRARY | ||
| 041 | _aeng | ||
| 082 |
_a368 _21 _bPATK |
||
| 100 |
_aPatukale, Kshitij. _9131136 |
||
| 245 |
_aInsurance for everyone / _cBy Kshitij Patukale. |
||
| 250 | _a1st ed. | ||
| 260 |
_aNew Delhi : _bMacmillan India Ltd , _c2009. |
||
| 300 |
_axvi,310p. ; _bPB _c21.3 cm. |
||
| 650 |
_aInsurance(368) _9131137 |
||
| 651 |
_aLife insurance _9131138 |
||
| 651 |
_aConcepts of investment _9131139 |
||
| 651 |
_aGeneral insurance _9131140 |
||
| 942 |
_2ddc _cBK _e1st _k368 PATK |
||
| 999 |
_c203267 _d203267 |
||